[Event "Aracaju rapid op"]
[Site "Aracaju"]
[Date "2020.01.18"]
[Round "2"]
[White "Cruz, Rafael Hora Gois"]
[Black "Passos, Matheus Souza"]
[Result "1-0"]
[WhiteElo "1914"]
[BlackElo "1900"]
[PlyCount "100"]
[EventDate "2020.01.18"]
[EventType "swiss"]
[EventRounds "4"]
[EventCountry "BRA"]
[SourceTitle "CBM 194 Extra"]
[Source "ChessBase"]
[SourceDate "2020.03.31"]
[SourceVersion "1"]
[SourceVersionDate "2020.03.31"]
[SourceQuality "1"]

1. e4 c5 2. Nf3 d6 3. d4 cxd4 4. Nxd4 Nf6 5. Nc3 e5 6. Nf3 Nc6 7. Bb5 g6 8. 0-0 Bg7 9. Ng5 0-0 10. f4 exf4 11. Bxf4 a6 12. Bxc6 bxc6 13. Qxd6 Qxd6 14. Bxd6 Rd8 15. e5 Ng4 16. Nxf7 Re8 17. Rae1 Ra7 18. h3 Rxf7 19. Rxf7 Kxf7 20. hxg4 Bxg4 21. Kf2 Bf5 22. Re2 Bg4 23. Re1 Bf5 24. Kg3 Bxc2 25. Kf4 Bf5 26. Ne4 Bh6+ 27. Ng5+ Bxg5+ 28. Kxg5 Ke6 29. g4 Bd3 30. Kh6 Bc4 31. a3 Bd5 32. Kxh7 Bf3 33. g5 Kf5 34. Kh6 Bd5 35. Rf1+ Kg4 36. Kxg6 Rg8+ 37. Kf6 Rxg5 38. Rg1+ Kf4 39. Rxg5 Ke4 40. e6 Bxe6 41. Kxe6 Kd4 42. b4 Kc4 43. Rc5+ Kd4 44. Rxc6 Ke3 45. Rc4 Kd3 46. Rh4 Kc3 47. Kd5 Kb2 48. Rh3 Ka2 49. Kc4 Kb2 50. Be5+ Ka2 1-0

[Event "Aracaju rapid op"]
[Site "Aracaju"]
[Date "2020.01.18"]
[Round "1"]
[White "Passos, Matheus Souza"]
[Black "De Luis Henrique, M."]
[Result "0-1"]
[WhiteElo "1900"]
[BlackElo "1951"]
[PlyCount "112"]
[EventDate "2020.01.18"]
[EventType "swiss"]
[EventRounds "4"]
[EventCountry "BRA"]
[SourceTitle "CBM 194 Extra"]
[Source "ChessBase"]
[SourceDate "2020.03.31"]
[SourceVersion "1"]
[SourceVersionDate "2020.03.31"]
[SourceQuality "1"]

1. d4 Nf6 2. Bf4 g6 3. Nf3 Bg7 4. e3 0-0 5. c3 d6 6. Nbd2 Nc6 7. Bc4 h6 8. 0-0 Nh5 9. Bg3 Nxg3 10. fxg3 d5 11. Bb3 e5 12. dxe5 Be6 13. e4 Nxe5 14. exd5 Bxd5 15. Bxd5 Qxd5 16. Nxe5 Qxe5 17. Nf3 Qc5+ 18. Kh1 Rad8 19. Qe2 Rfe8 20. Qf2 Qxf2 21. Rxf2 Rd3 22. Rff1 Re2 23. Rab1 g5 24. g4 Re4 25. h3 Be5 26. Rbe1 Rxe1 27. Rxe1 Bg3 28. Rc1 Re3 29. Kg1 Re2 30. Rb1 c5 31. Kf1 Rf2+ 32. Ke1 Rxb2+ 33. Kd1 Rxb1+ 34. Ke2 Rb2+ 35. Kd3 Rxa2 36. Kc4 b6 37. Kb3 Rxg2 38. Ka3 Rf2 39. Ne1 Ra2+ 40. Kxa2 Bxe1 41. Kb3 h5 42. gxh5 f5 43. Ka4 Bxc3 44. Kb5 f4 45. Kc4 Bd4 46. Kd3 f3 47. Kd2 a5 48. Ke1 a4 49. Kd1 f2 50. Ke2 a3 51. Kf1 a2 52. Kg2 a1Q 53. Kg3 Qd1 54. h4 f1N+ 55. Kg2 Qe2+ 56. Kh3 g4# 0-1

[Event "Sudeste/Centro-Oeste-ch U1600"]
[Site "Barbacena"]
[Date "2019.10.26"]
[Round "4"]
[White "Passos, Matheus Souza"]
[Black "Quadros, Margaret Leao"]
[Result "1-0"]
[WhiteElo "1800"]
[BlackElo "1722"]
[PlyCount "77"]
[EventDate "2019.10.25"]
[EventType "swiss"]
[EventRounds "6"]
[EventCountry "BRA"]
[SourceTitle "CBM 193 Extra"]
[Source "ChessBase"]
[SourceDate "2020.01.31"]
[SourceVersion "1"]
[SourceVersionDate "2020.01.31"]
[SourceQuality "1"]

1. e4 e5 2. Nf3 f6 3. d4 Bd6 4. c3 Ne7 5. Be3 b6 6. Nbd2 Bb7 7. Bd3 Ng6 8. Bc4 Qe7 9. Qb3 Rf8 10. 0-0-0 Nc6 11. d5 Na5 12. Qc2 Nxc4 13. Nxc4 0-0-0 14. Nxd6+ Qxd6 15. Nd2 Ba6 16. Nb3 Nf4 17. c4 Qb4 18. Nd2 Ne2+ 19. Kb1 Nc3+ 20. Qxc3 Qxc3 21. bxc3 c6 22. dxc6 dxc6 23. Rc1 c5 24. Rc2 Rf7 25. Kc1 Rfd7 26. Kd1 g6 27. h3 Bb7 28. Ke2 f5 29. exf5 gxf5 30. Bg5 Re8 31. Rg1 f4 32. g3 Rf7 33. gxf4 exf4+ 34. Kd1 f3 35. h4 Rg7 36. Rg3 h5 37. Nxf3 Rd8+ 38. Bxd8 Kxd8 39. Rxg7 1-0